000 00540nam a2200205 a 4500
001 BRCA_6752
005 20190320205557.0
008 241011s1905----gw-#######---#000-0#ger-#
041 _ager
044 _agw
050 4 _aPT2615
_b.A76 D5
_c1905
100 1 _aHartleben, Otto Erich
_d1864-1905
_916854
245 1 0 _aDie Serenyi
_bZwei verschiedene Geschichten
_cOtto Erich Hartleben.
260 _aBerlín
_bS. Fischer
_c1905
300 _a175 p.
_c18 cm.
500 _aL87
650 1 4 _aFicción
_916263
902 _aGFM
942 _2lcc
_cB
999 _c6435
_d6435